The noble scholar, jurist, historian


 His Excellency Dr. Abdul Wahhab bin Ibrahim Abu Sulaiman, may Allah have mercy on him.


 He was born in Umm Al-Qura in the year 1356 AH.

ظفر الأماني في مختصر الجرجاني / (Record no. 11895)

MARC details
000 -LEADER
fixed length control field 01447cam a2200277 i 4500
003 - CONTROL NUMBER IDENTIFIER
control field SA-RiAUC
005 - DATE AND TIME OF LATEST TRANSACTION
control field 20250918065631.0
008 - FIXED-LENGTH DATA ELEMENTS--GENERAL INFORMATION
fixed length control field 250916s2009 ii g 000r0 ara c
040 ## - CATALOGING SOURCE
Original cataloging agency SA-JeALM
Language of cataloging ara
Transcribing agency SA-RiAUC
Description conventions rda
082 04 - DEWEY DECIMAL CLASSIFICATION NUMBER
Classification number 231
Assigning agency SA-RiAUC
090 ## - LOCALLY ASSIGNED LC-TYPE CALL NUMBER (OCLC); LOCAL CALL NUMBER (RLIN)
Classification number (OCLC) (R) ; Classification number, CALL (RLIN) (NR) 231
Local cutter number (OCLC) ; Book number/undivided call number, CALL (RLIN) ل ك ن
100 1# - MAIN ENTRY--PERSONAL NAME
Personal name اللكنوي، محمد عبد الحي بن محمد عبد الحليم،
Dates associated with a name 1264-1304 هجري
Relator term مؤلف.
245 10 - TITLE STATEMENT
Title ظفر الأماني في مختصر الجرجاني /
Statement of responsibility, etc. أبو الحسنات محمد عبد الحي اللكنوي ؛ حققه وخرج نصوصه وعلق عليه تقي الدين الندوي.
250 ## - EDITION STATEMENT
Edition statement الطبعة الثانية، مزيدة ومنقحة.
264 #1 - PRODUCTION, PUBLICATION, DISTRIBUTION, MANUFACTURE, AND COPYRIGHT NOTICE
Place of production, publication, distribution, manufacture مظفرفور، الهند :
Name of producer, publisher, distributor, manufacturer مركز الشيخ أبي الحسن الندوي للبحوث والدراسات الإسلامية،
Date of production, publication, distribution, manufacture, or copyright notice 2009
300 ## - PHYSICAL DESCRIPTION
Extent 584 صفحة ؛
Dimensions 24 سم.
336 ## - CONTENT TYPE
Content type term نص
Content type code txt
Source rdacontent
Materials specified كتاب
337 ## - MEDIA TYPE
Media type term بدون وسيط
Media type code n
Source rdamedia
338 ## - CARRIER TYPE
Carrier type term مجلد
Carrier type code nc
Source rdacarrier
650 #7 - SUBJECT ADDED ENTRY--TOPICAL TERM
Topical term or geographic name entry element الحديث
General subdivision مصطلح
Source of heading or term aucsh
700 1# - ADDED ENTRY--PERSONAL NAME
Personal name المظاهري، تقي الدين الندوي،
Dates associated with a name 1934-
Relator term محقق.
700 12 - ADDED ENTRY--PERSONAL NAME
Personal name الجرجاني، علي بن محمد بن علي،
Dates associated with a name 740-816 هجري.
Title of a work مختصر الجرجاني في مصطلح الحديث.
740 02 - ADDED ENTRY--UNCONTROLLED RELATED/ANALYTICAL TITLE
Uncontrolled related/analytical title مختصر الجرجاني في مصطلح الحديث.
942 ## - ADDED ENTRY ELEMENTS (KOHA)
Source of classification or shelving scheme Dewey Decimal Classification
Koha item type Books
Suppress in OPAC No
949 ## - LOCAL PROCESSING INFORMATION (OCLC)
a SA-JeALM
d 250916
u osman123
n 1
Holdings
Withdrawn status Lost status Source of classification or shelving scheme Damaged status Not for loan Home library Current library Date acquired Total checkouts Full call number Barcode Date last seen Price effective from Koha item type
    Dewey Decimal Classification     DR AbdElwahab Library DR AbdElwahab Library 09/18/2025   231 ل ك ن 000019179 09/18/2025 09/18/2025 Books